Comparison of the carcass characteristics and meat quality of lambs produced from Texel and Rouge de l'Ouest ewes and their crosses /

Gorde:
Xehetasun bibliografikoak
Beste egile batzuk: Carson, A. F., Dawson, L. E. R., Kilpatrick, D. J., McClinton, L. O. W., Moss, B. W.
Formatua: Artikulua
Hizkuntza:English
Gaiak:
Etiketak: Etiketa erantsi
Etiketarik gabe, Izan zaitez lehena erregistro honi etiketa jartzen!
Thư viện lưu trữ: Thư viện Trường Đại học Đà Lạt
LEADER 01077nam a2200337 4500
001 DLU090070084
005 ##20090525
040 # # |a DLU  |b eng 
041 # # |a eng 
044 # # |a UK 
245 # # |a Comparison of the carcass characteristics and meat quality of lambs produced from Texel and Rouge de l'Ouest ewes and their crosses /  |c L. E. R. Dawson, A. F. Carson, L. O. W. McClinton, D. J. Kilpatrick, B. W. Moss. 
653 # # |a Carcass composition 
653 # # |a Heterosis 
653 # # |a Meat quality 
653 # # |a Rouge de l'Ouest  
653 # # |a Texel 
700 # # |a Carson, A. F.  
700 # # |a Dawson, L. E. R.  
700 # # |a Kilpatrick, D. J.  
700 # # |a McClinton, L. O. W.  
700 # # |a Moss, B. W.  
773 # # |t Animal Science  |g Vol. 77, no. 1 (August 2003), p. 57-65 
920 # # |a Phòng Tạp chí -- Trung tâm Thông tin - Thư viện Trường Đại học Đà Lạt 
994 # # |a DLU 
900 # # |a True 
911 # # |a Trương Bảo Trâm Anh 
925 # # |a G 
926 # # |a A 
927 # # |a BB 
980 # # |a Thư viện Trường Đại học Đà Lạt